| 000 | 00429nab a2200145Ia 4500 | ||
|---|---|---|---|
| 003 | ES-SlBCS | ||
| 005 | 20210601125448.0 | ||
| 008 | 140529s1979 xxu||||| |||| 00| 0 eng d | ||
| 041 | _aeng | ||
| 100 | 1 |
_aRosen, Stanley _946513 |
|
| 245 | 0 | 0 |
_aPlato's Myth of the Reversed Cosmos _c Stanley Rosen |
| 600 | 0 | 4 |
_aPlatón-Mitos _9156934 |
| 773 | 0 |
_tReview of Methaphysics _gvol. 33, nº. 129, 1979, págs. 59-86 _wRev843 |
|
| 942 | _cAR | ||
| 999 |
_c530716 _d530716 |
||